01490nam a2200277 a 450000100100000000500170001000800410002704000250006808200220009310000430011524500600015826000750021850000230029350000680031659000260038460000430041065000280045365000310048191000380051295201340055095201340068495201340081895201200095295201250107299900150119700001015620250129121827.0091005s1900 dr r 000 p spa d aDO-SdBNPbspacBNPHU aRD861.44bG261pro1 aGatón Arce, Freddy,d1920-19949794610aA propósito de Freddy Gatón Arce /cTomás Castro. aSanto Domingo :bComisión Permanente en la Feria del Libro,c[19--]. aHomenaje póstumo aXXIII Feria nacional del libro José Martí, Máximo Gómez aInventariado, 2018/BT10aGatón Arce, Freddy,d1920-199497946 0aPoesía dominicana966 0aLiteratura dominicana.967 aValidado. Control de calidad. MFF 001054708DSaGRbGRcHDd2009-10-05iLF1l0oRD861.44 G261prop10156-30r2020-06-25te.3w2020-06-25yLFDSZPréstamo en sala 001054708DSaGRbGRcHDd2009-10-05iLF1l0oRD861.44 G261prop10156-40r2020-06-25te.4w2020-06-25yLFDSZPréstamo en sala 001054708DSaGRbGRcHDd2011-04-07iLF1l0oRD861.44 G261prop10156-50r2020-06-25te.5w2020-06-25yLFDSZPréstamo en sala 0010718PDaPDbPDcHDd2009-10-05iLF1l0oRD861.44 G261prop10156-10r2020-06-25w2020-06-25yLFPDZNo se presta 0010718PDaPDbPDcHDd2009-10-05iLF1l0oRD861.44 G261prop10156-20r2020-06-25te.2w2020-06-25yLFPDZNo se presta c9915d9915